00935 2200301 4500001002100000005001500021035002000036007000300056008004100059020002200100100004000122245010800162250003500270300004800305700003000353264003200383336002100415337003000436338002300466040002200489082001600511084001800527090002200545650001000567850001200577999002200589990002200611INLIS00000000088152720230907083930 a0010-0923000119ta230907s2022 yoia g ind d a978-623-02-4206-90 aBima Sena Bayu DewantaraePengarang1 aSocial force model untuk robot sepak bola beroda /cBima Sena Bayu Dewantara; penyunting, Ahmad Khanafi aCetakan pertama: Februari 2022 ax, 39 halaman :bilustrasi, gambar ;c23 cm0 aAhmad KhanafiePenyunting aSleman :bDeepublish,c2022 2rdacontentateks 2rdamediaatanpa perantara 2rdacarrieravolume aYOPDYOGbinderda04223a629.892 a629.892 BIM s aCB-D.11 2022-4242 4aRobot aYOPDYOG aCB-D.11/2022-4242 aCB-D.11/2022-4242